000 00558nam a2200181Ia 4500
003 OSt
005 20251118163145.0
008 210210b1960 xxu||||| |||| 00| 0 eng d
040 _cAL
041 _akan
082 _a851/32
100 _aANANTARANGACHAR (S) Ed
_9158989
_dಅನಂತರಂಗಚಾರ್ (ಎಸ್)
245 _aKumararama sangatya sangraha:
_bಕುಮಾರರಾಮ ಸಾಹಿತ್ಯ ಸಂಗ್ರಹ
260 _aMaisuru
_bSharada Mandira
_c1960
690 _aKannada Poetry
_9158990
906 _a018049
942 _2ddc
_cBK
999 _c141180
_d141180